[Event "Liga Madrileña - DH 2011-2012"]
[Site "Madrid ESP"]
[Date "2011.11.13"]
[Round "1.11"]
[White "Arribas Lopez, Angel"]
[Black "Candela Perez, Jose"]
[Result "1/2-1/2"]
[WhiteElo "2487"]
[BlackElo "2424"]
[PlyCount "39"]
[EventDate "2011.11.13"]
[EventType "team"]
[EventRounds "14"]
[EventCountry "ESP"]
[Source "lmi"]
[SourceDate "2011.11.13"]
[WhiteTeam "Leganes"]
[BlackTeam "La Casa del Ajedrez"]
[WhiteTeamCountry "ESP"]
[BlackTeamCountry "ESP"]

1. Nf3 d5 2. e3 Nf6 3. c4 c6 4. Nc3 g6 5. Be2 Bg7 6. d4 O-O 7. O-O Bg4 8. cxd5
cxd5 9. Qb3 b6 10. h3 Bxf3 11. Bxf3 e6 12. e4 Nc6 13. Be3 dxe4 14. Nxe4 Nd5 15.
Rfd1 h6 16. Rac1 Nce7 17. Nc3 Qd7 18. Nxd5 Nxd5 19. Bxd5 exd5 20. Rc3 1/2-1/2

[Event "Liga Madrileña - DH 2011-2012"]
[Site "Madrid ESP"]
[Date "2011.11.13"]
[Round "1.12"]
[White "Gallego Jimenez, Victoriano"]
[Black "Prieto Martin, Alfonso"]
[Result "1-0"]
[WhiteElo "2390"]
[BlackElo "2158"]
[PlyCount "89"]
[EventDate "2011.11.13"]
[EventType "team"]
[EventRounds "14"]
[EventCountry "ESP"]
[Source "lmi"]
[SourceDate "2011.11.13"]
[WhiteTeam "La Casa del Ajedrez"]
[BlackTeam "Leganes"]
[WhiteTeamCountry "ESP"]
[BlackTeamCountry "ESP"]

1. d4 Nf6 2. c4 e6 3. Nf3 Bb4+ 4. Bd2 Bxd2+ 5. Qxd2 b6 6. Nc3 d5 7. cxd5 exd5
8. g3 O-O 9. Bg2 Bb7 10. O-O Re8 11. Ne5 c5 12. Rfd1 Qe7 13. e3 Na6 14. Qc2
Rac8 15. Qa4 Ne4 16. Nxd5 Bxd5 17. Qxa6 cxd4 18. exd4 f6 19. Re1 fxe5 20. Bxe4
Bxe4 21. Rxe4 Qf7 22. dxe5 Rc2 23. Re2 Rc5 24. Rae1 Qc7 25. e6 Re7 26. Qd3 Rc6
27. Re5 Qc8 28. Rd5 Re8 29. e7 Rc1 30. Rxc1 Qxc1+ 31. Kg2 Qc6 32. Qe4 Qf6 33.
Rd8 Rxd8 34. e8=Q+ Rxe8 35. Qxe8+ Qf8 36. Qxf8+ Kxf8 37. Kf3 Kf7 38. Ke4 Ke6
39. f4 g6 40. g4 Kf6 41. b4 Ke6 42. b5 h5 43. gxh5 gxh5 44. f5+ Kf6 45. h4 1-0

[Event "Liga Madrileña - DH 2011-2012"]
[Site "Madrid ESP"]
[Date "2011.11.13"]
[Round "1.13"]
[White "Davicce Canada, Juan Antonio"]
[Black "Rojo Huerta, Gabriel"]
[Result "0-1"]
[WhiteElo "2095"]
[BlackElo "2355"]
[PlyCount "84"]
[EventDate "2011.11.13"]
[EventType "team"]
[EventRounds "14"]
[EventCountry "ESP"]
[Source "lmi"]
[SourceDate "2011.11.13"]
[WhiteTeam "Leganes"]
[BlackTeam "La Casa del Ajedrez"]
[WhiteTeamCountry "ESP"]
[BlackTeamCountry "ESP"]

1. d4 Nf6 2. c4 g6 3. Nc3 d5 4. cxd5 Nxd5 5. e4 Nxc3 6. bxc3 Bg7 7. Bc4 O-O 8.
Ne2 c5 9. Be3 Nc6 10. O-O Bd7 11. Rc1 Rc8 12. Qd2 Qa5 13. Qb2 Qc7 14. Qa3 Qa5
15. Qxa5 Nxa5 16. Bd3 Rfd8 17. Rb1 e6 18. Bg5 f6 19. Be3 Bf8 20. d5 Ba4 21. c4
exd5 22. exd5 b6 23. Bd2 Nb7 24. Bc3 Kf7 25. Ng3 Nd6 26. Ne4 Nxe4 27. Bxe4 Re8
28. Bf3 Bc2 29. Rb2 Bd3 30. Rd1 Bxc4 31. a4 Bd6 32. g3 Rcd8 33. Rbd2 Re7 34.
Rc1 Bb3 35. Ra1 Rde8 36. Rb2 Bc4 37. Rc1 Bd3 38. Rd1 c4 39. Bb4 Bxb4 40. Rxb4
Re1+ 41. Rxe1 Rxe1+ 42. Kg2 Bf1+ 0-1

[Event "Liga Madrileña - DH 2011-2012"]
[Site "Madrid ESP"]
[Date "2011.11.13"]
[Round "1.14"]
[White "Suarez Uriel, Adrian"]
[Black "Ballester de Miguel, Miguel Angel"]
[Result "1-0"]
[WhiteElo "2238"]
[BlackElo "2070"]
[PlyCount "115"]
[EventDate "2011.11.13"]
[EventType "team"]
[EventRounds "14"]
[EventCountry "ESP"]
[Source "lmi"]
[SourceDate "2011.11.13"]
[WhiteTeam "La Casa del Ajedrez"]
[BlackTeam "Leganes"]
[WhiteTeamCountry "ESP"]
[BlackTeamCountry "ESP"]

1. e4 c5 2. Ne2 Nc6 3. d4 cxd4 4. Nxd4 Nf6 5. Nc3 d6 6. Bc4 e6 7. Be3 a6 8. Qe2
Be7 9. O-O-O Qa5 10. Kb1 Nxd4 11. Bxd4 b5 12. Bb3 e5 13. Be3 Be6 14. Bxe6 fxe6
15. Qf3 b4 16. Ne2 Qb5 17. Ng3 O-O 18. Rd2 Qc4 19. Qe2 Qxe2 20. Rxe2 Ng4 21. f3
Nxe3 22. Rxe3 Rac8 23. Ne2 Rc6 24. c3 a5 25. Rd1 Rfc8 26. Red3 Rb6 27. b3 Rbc6
28. c4 Ra6 29. Kb2 Rca8 30. Ra1 Bf6 31. a4 Rc8 32. Rad1 Be7 33. f4 exf4 34.
Nxf4 Kf7 35. Rf3 Bf6+ 36. Kb1 Rf8 37. Nd3 Ke7 38. Rdf1 Raa8 39. c5 dxc5 40. e5
Bg5 41. Rxf8 Rxf8 42. Rxf8 Kxf8 43. Nxc5 Ke7 44. Nb7 Bf4 45. Nxa5 Kd7 46. Kc2
Bxe5 47. Nc4 Bxh2 48. Kd3 Kc6 49. Ne3 Kc5 50. Ke4 Bg1 51. Nc4 Kc6 52. Nb2 Bc5
53. Nd3 Be7 54. g4 Kb6 55. Kd4 Ka5 56. Nc5 Bxc5+ 57. Kxc5 h5 58. gxh5 1-0

[Event "Liga Madrileña - DH 2011-2012"]
[Site "Madrid ESP"]
[Date "2011.11.13"]
[Round "1.15"]
[White "Lopez de Turiso, Jose Angel"]
[Black "Unciti Juan, Javier"]
[Result "1/2-1/2"]
[WhiteElo "2065"]
[BlackElo "2143"]
[PlyCount "36"]
[EventDate "2011.11.13"]
[EventType "team"]
[EventRounds "14"]
[EventCountry "ESP"]
[Source "lmi"]
[SourceDate "2011.11.13"]
[WhiteTeam "Leganes"]
[BlackTeam "La Casa del Ajedrez"]
[WhiteTeamCountry "ESP"]
[BlackTeamCountry "ESP"]

1. e4 e6 2. c4 d5 3. cxd5 exd5 4. exd5 Qxd5 5. Nc3 Qd8 6. Bc4 Nf6 7. Qb3 Qd7 8.
Nf3 Bd6 9. O-O O-O 10. Nb5 Nc6 11. d4 Na5 12. Qc2 Nxc4 13. Qxc4 c6 14. Nxd6
Qxd6 15. Qc5 Qd5 16. Bg5 Ne4 17. Qxd5 cxd5 18. Bf4 Bf5 1/2-1/2

[Event "Liga Madrileña - DH 2011-2012"]
[Site "Madrid ESP"]
[Date "2011.11.13"]
[Round "1.16"]
[White "Collado Barbas, Laura"]
[Black "Nunez Gutierrez, Juan Carlos"]
[Result "0-1"]
[WhiteElo "2078"]
[BlackElo "2049"]
[PlyCount "79"]
[EventDate "2011.11.13"]
[EventType "team"]
[EventRounds "14"]
[EventCountry "ESP"]
[Source "lmi"]
[SourceDate "2011.11.13"]
[WhiteTeam "La Casa del Ajedrez"]
[BlackTeam "Leganes"]
[WhiteTeamCountry "ESP"]
[BlackTeamCountry "ESP"]

1. d4 Nf6 2. c4 e6 3. Nc3 Bb4 4. Qc2 c5 5. dxc5 Qa5 6. Bd2 Nc6 7. e3 O-O 8. a3
Rd8 9. Nf3 Bxc3 10. Bxc3 Qxc5 11. Bd3 h6 12. b4 Qe7 13. Rd1 b6 14. b5 Na5 15.
Bxa5 bxa5 16. Qa4 Bb7 17. Qxa5 a6 18. b6 Rdc8 19. Rb1 Rc5 20. Qb4 a5 21. Qb2 d6
22. Nd2 a4 23. Ke2 Qd7 24. Rhc1 Rb8 25. f3 Bc6 26. Rc2 Qd8 27. Qd4 e5 28. Qh4
Rxb6 29. Rxb6 Qxb6 30. Rc1 Ra5 31. Rb1 Qc7 32. Rb4 Ra7 33. Ne4 Nxe4 34. Bxe4
Rb7 35. Rxb7 Bxb7 36. Bd3 Kf8 37. Qe1 Qc5 38. Qb1 Ba6 39. Qb4 Qxb4 40. axb4 0-1

[Event "Liga Madrileña - DH 2011-2012"]
[Site "Madrid ESP"]
[Date "2011.11.13"]
[Round "1.21"]
[White "Vazquez Igarza, Renier"]
[Black "Moreno Trujillo, Alejandro"]
[Result "1/2-1/2"]
[WhiteElo "2566"]
[BlackElo "2474"]
[PlyCount "89"]
[EventDate "2011.11.13"]
[EventType "team"]
[EventRounds "14"]
[EventCountry "ESP"]
[Source "lmi"]
[SourceDate "2011.11.13"]
[WhiteTeam "Collado Villalba"]
[BlackTeam "64 Villalba"]
[WhiteTeamCountry "ESP"]
[BlackTeamCountry "ESP"]

1. d4 d5 2. c4 c6 3. Nf3 Nf6 4. Nc3 e6 5. Qd3 dxc4 6. Qxc4 b5 7. Qd3 Bb7 8. g3
Nbd7 9. Bg2 Be7 10. O-O O-O 11. Rd1 Qb6 12. Bf4 b4 13. Na4 Qb5 14. Qc2 c5 15.
Nxc5 Nxc5 16. dxc5 Bxc5 17. Ne5 Bxg2 18. Kxg2 Qb7+ 19. Kg1 Rac8 20. Qd3 Bb6 21.
Rac1 Rfd8 22. Rxc8 Qxc8 23. Qb1 Rxd1+ 24. Qxd1 Ne4 25. Nd3 Qc6 26. Qc1 Qxc1+
27. Bxc1 a5 28. Kf1 Kf8 29. Bf4 Ke7 30. f3 Nc5 31. Ne5 Na4 32. Nc4 Bd8 33. Ke1
f6 34. e4 Kd7 35. Be3 Kc6 36. Kd2 Bc7 37. Kd3 h5 38. b3 Nc5+ 39. Bxc5 Kxc5 40.
f4 g6 41. Nd2 g5 42. fxg5 fxg5 43. Nf3 g4 44. Nd4 Kd6 45. Nb5+ 1/2-1/2

[Event "Liga Madrileña - DH 2011-2012"]
[Site "Madrid ESP"]
[Date "2011.11.13"]
[Round "1.22"]
[White "Moreno Tejera, Emilio"]
[Black "Moreno Ruiz, Javier"]
[Result "1/2-1/2"]
[WhiteElo "2319"]
[BlackElo "2513"]
[PlyCount "86"]
[EventDate "2011.11.13"]
[EventType "team"]
[EventRounds "14"]
[EventCountry "ESP"]
[Source "lmi"]
[SourceDate "2011.11.13"]
[WhiteTeam "64 Villalba"]
[BlackTeam "Collado Villalba"]
[WhiteTeamCountry "ESP"]
[BlackTeamCountry "ESP"]

1. e4 e6 2. d4 d5 3. Nc3 Bb4 4. exd5 exd5 5. Bd3 Nc6 6. a3 Ba5 7. Be3 Bb6 8.
Qf3 Bxd4 9. Bxd4 Nxd4 10. Qxd5 Qe7+ 11. Nge2 Nxe2 12. Nxe2 Nf6 13. Qg5 O-O 14.
O-O-O Bd7 15. Nd4 Rfe8 16. Nf5 Bxf5 17. Qxf5 c6 18. h4 Rad8 19. Kb1 Rd5 20. Qf4
Re5 21. Qf3 Qe6 22. h5 Qg4 23. Qxg4 Nxg4 24. Rdf1 h6 25. f3 Ne3 26. Rf2 Nd5 27.
g3 Re1+ 28. Rxe1 Rxe1+ 29. Ka2 Rg1 30. g4 Kf8 31. Be4 Nf6 32. Bd3 Rd1 33. Bf5
Ke7 34. Re2+ Kd6 35. Re3 Rf1 36. Rd3+ Kc7 37. Re3 Nd5 38. Re8 Rxf3 39. Rg8 g6
40. hxg6 fxg6 41. Rxg6 Ne7 42. Rxh6 Nxf5 43. gxf5 Rxf5 1/2-1/2

[Event "Liga Madrileña - DH 2011-2012"]
[Site "Madrid ESP"]
[Date "2011.11.13"]
[Round "1.23"]
[White "Taboas Rodriguez, Daniel"]
[Black "Renteria Becerra, Jorge Elicer"]
[Result "1/2-1/2"]
[WhiteElo "2418"]
[BlackElo "2328"]
[PlyCount "96"]
[EventDate "2011.11.13"]
[EventType "team"]
[EventRounds "14"]
[EventCountry "ESP"]
[Source "lmi"]
[SourceDate "2011.11.13"]
[WhiteTeam "Collado Villalba"]
[BlackTeam "64 Villalba"]
[WhiteTeamCountry "ESP"]
[BlackTeamCountry "ESP"]

1. d4 d5 2. c4 e6 3. Nf3 Be7 4. Nc3 Nf6 5. Bg5 h6 6. Bh4 O-O 7. e3 Ne4 8. Bxe7
Qxe7 9. Rc1 Nxc3 10. Rxc3 c6 11. Bd3 dxc4 12. Bxc4 Nd7 13. O-O Rd8 14. Qc2 b6
15. Bd3 c5 16. Bh7+ Kh8 17. Be4 Rb8 18. Rc1 e5 19. dxc5 Nxc5 20. h3 a5 21. b3
Ba6 22. a3 Kg8 23. Bh7+ Kh8 24. b4 axb4 25. axb4 Bd3 26. Bxd3 Nxd3 27. Rxd3
Rxd3 28. Qxd3 e4 29. Qe2 exf3 30. Qxf3 Qxb4 31. Qxf7 b5 32. Qf4 Qxf4 33. exf4
Kg8 34. Kf1 Kf7 35. Ke2 Ke6 36. Rc7 b4 37. Kd2 b3 38. Kc1 Ra8 39. Rxg7 Ra2 40.
Rg6+ Kd5 41. Rxh6 Rxf2 42. g4 Kc4 43. Rc6+ Kb4 44. f5 b2+ 45. Kb1 Kb3 46. Rb6+
Ka3 47. Ra6+ Kb3 48. Rb6+ Ka3 1/2-1/2

[Event "Liga Madrileña - DH 2011-2012"]
[Site "Madrid ESP"]
[Date "2011.11.13"]
[Round "1.24"]
[White "Bolado Saez, Sergio"]
[Black "Cao Armillas, Jesus"]
[Result "0-1"]
[WhiteElo "2361"]
[BlackElo "2174"]
[PlyCount "124"]
[EventDate "2011.11.13"]
[EventType "team"]
[EventRounds "14"]
[EventCountry "ESP"]
[Source "lmi"]
[SourceDate "2011.11.13"]
[WhiteTeam "64 Villalba"]
[BlackTeam "Collado Villalba"]
[WhiteTeamCountry "ESP"]
[BlackTeamCountry "ESP"]

1. d4 Nf6 2. Nf3 g6 3. c4 Bg7 4. g3 d5 5. cxd5 Nxd5 6. Bg2 Nb6 7. Nc3 Nc6 8. e3
O-O 9. O-O Re8 10. d5 Na5 11. Nd4 Bd7 12. Qc2 Qc8 13. Rd1 c6 14. b4 Nac4 15.
dxc6 bxc6 16. Rb1 Rb8 17. Nb3 Bg4 18. f3 Bh3 19. Bh1 Qf5 20. Ne4 Red8 21. Nd4
Qd7 22. Nf2 Be6 23. Nxe6 Qxe6 24. Rb3 Rxd1+ 25. Qxd1 Nd5 26. e4 Nc3 27. Qc2 Nb5
28. Rd3 Nd4 29. Qd1 c5 30. bxc5 Rb1 31. Kg2 h5 32. Rc3 Rxc1 33. Qxc1 Ne2 34.
Rxc4 Nxc1 35. Rxc1 Qxa2 36. c6 Qb2 37. Rc5 Bd4 38. c7 Qxf2+ 39. Kh3 Bxc5 40.
c8=Q+ Kg7 41. Qa6 h4 42. Qa1+ Bd4 43. Qa3 hxg3 44. hxg3 e6 45. f4 Be3 46. Qc3+
Bd4 47. Qa3 Qe2 48. Bf3 Qf1+ 49. Bg2 Qb5 50. e5 Bc5 51. Qf3 a5 52. Qa8 Be7 53.
Bc6 Qf1+ 54. Bg2 Qe1 55. Bc6 g5 56. Qb7 gxf4 57. gxf4 Qh4+ 58. Kg2 Qg4+ 59. Kf1
Qxf4+ 60. Kg2 Bh4 61. Qb2 Qg4+ 62. Kf1 Qc4+ 0-1

[Event "Liga Madrileña - DH 2011-2012"]
[Site "Madrid ESP"]
[Date "2011.11.13"]
[Round "1.25"]
[White "Bote Alvarez-Carrasco, Valentin"]
[Black "Gongora Montes, Benjamin"]
[Result "1-0"]
[WhiteElo "2160"]
[BlackElo "2217"]
[PlyCount "81"]
[EventDate "2011.11.13"]
[EventType "team"]
[EventRounds "14"]
[EventCountry "ESP"]
[Source "lmi"]
[SourceDate "2011.11.13"]
[WhiteTeam "Collado Villalba"]
[BlackTeam "64 Villalba"]
[WhiteTeamCountry "ESP"]
[BlackTeamCountry "ESP"]

1. Nf3 Nf6 2. c4 g6 3. Nc3 Bg7 4. e4 d6 5. d4 O-O 6. Be2 e5 7. Be3 Ng4 8. Bg5
f6 9. Bh4 Qe8 10. h3 Nh6 11. dxe5 dxe5 12. Nd5 Na6 13. Qd2 g5 14. Bg3 Be6 15.
Qa5 c6 16. Nb4 Nxb4 17. Qxb4 Rf7 18. Nd2 Rd7 19. O-O-O Bf8 20. Qc3 Qf7 21. f3
b5 22. Nb3 a5 23. Rxd7 Bxd7 24. Bf2 Be6 25. Nc5 b4 26. Qc2 Qa7 27. Nd3 c5 28.
Kb1 Nf7 29. h4 h6 30. g3 Qc7 31. Be3 a4 32. Qc1 a3 33. b3 Re8 34. Qg1 Rc8 35.
f4 Be7 36. hxg5 hxg5 37. Qh2 Qb7 38. Qh7+ Kf8 39. fxg5 fxg5 40. Qg6 Rc6 41.
Nxe5 1-0

[Event "Liga Madrileña - DH 2011-2012"]
[Site "Madrid ESP"]
[Date "2011.11.13"]
[Round "1.26"]
[White "Bermejo Arruego, Luis"]
[Black "Cepeda Delgado, Camilo"]
[Result "1-0"]
[WhiteElo "2171"]
[BlackElo "2192"]
[PlyCount "87"]
[EventDate "2011.11.13"]
[EventType "team"]
[EventRounds "14"]
[EventCountry "ESP"]
[Source "lmi"]
[SourceDate "2011.11.13"]
[WhiteTeam "64 Villalba"]
[BlackTeam "Collado Villalba"]
[WhiteTeamCountry "ESP"]
[BlackTeamCountry "ESP"]

1. e4 e6 2. d4 d5 3. e5 Qd7 4. Nf3 b6 5. a4 Ba6 6. Bxa6 Nxa6 7. Qe2 Nb8 8. a5
Ne7 9. Nc3 h5 10. O-O Nf5 11. axb6 cxb6 12. Nb5 Nc6 13. Bg5 Na5 14. b3 Rc8 15.
Bd2 Nc6 16. Ra6 Be7 17. Rfa1 O-O 18. Nxa7 Rc7 19. Nxc6 Qxc6 20. c3 Rcc8 21. Ra7
Rb8 22. h3 h4 23. Qa6 Rfc8 24. Kh2 Bd8 25. g4 hxg3+ 26. fxg3 Kf8 27. g4 Nh4 28.
Rf1 Nxf3+ 29. Rxf3 Rc7 30. Rxc7 Qxc7 31. Kg2 Rb7 32. Qf1 Ra7 33. g5 g6 34. h4
Ra2 35. Rf2 Kg7 36. Qd1 b5 37. h5 gxh5 38. Qxh5 Qe7 39. Qh6+ Kg8 40. g6 fxg6
41. Qxg6+ Kh8 42. Qh5+ Kg8 43. Qg4+ Kh8 44. Kg3 1-0

[Event "Liga Madrileña - DH 2011-2012"]
[Site "Madrid ESP"]
[Date "2011.11.13"]
[Round "1.31"]
[White "Valles Moreno, Ivan"]
[Black "Hernandez Gallardo, Francisco Javier"]
[Result "1-0"]
[WhiteElo "2391"]
[BlackElo "2369"]
[PlyCount "82"]
[EventDate "2011.11.13"]
[EventType "team"]
[EventRounds "14"]
[EventCountry "ESP"]
[Source "lmi"]
[SourceDate "2011.11.13"]
[WhiteTeam "Amigos del Retiro"]
[BlackTeam "Moratalaz"]
[WhiteTeamCountry "ESP"]
[BlackTeamCountry "ESP"]

1. d4 Nc6 2. e4 d5 3. Nc3 Nf6 4. e5 Nd7 5. Nge2 Nb6 6. Nf4 Bf5 7. g4 Bd7 8. Bg2
e6 9. h4 Bb4 10. Nh5 Kf8 11. Rh3 Na4 12. Kf1 Ne7 13. Nxa4 Bxa4 14. a3 Ba5 15.
b3 Bd7 16. b4 Bb6 17. a4 a5 18. b5 c5 19. Qd2 Ng6 20. Nxg7 Kxg7 21. Qh6+ Kg8
22. h5 Qf8 23. hxg6 fxg6 24. Qd2 cxd4 25. Rf3 Qg7 26. Ba3 h6 27. Bd6 Rc8 28.
Re1 Rc4 29. Kg1 Bd8 30. Bf1 d3 31. Bxd3 Rxg4+ 32. Rg3 h5 33. Qe2 Qh6 34. c4
dxc4 35. Be4 Bb6 36. Kg2 Rh7 37. Rf1 Qg5 38. Bxb7 Rf7 39. Bf3 Rxg3+ 40. fxg3 h4
41. Bg4 Rxf1 1-0

[Event "Liga Madrileña - DH 2011-2012"]
[Site "Madrid ESP"]
[Date "2011.11.16"]
[Round "1.32"]
[White "Serrano Salvador, Eduardo"]
[Black "Vallejo Diaz, Javier"]
[Result "1/2-1/2"]
[WhiteElo "2364"]
[BlackElo "2367"]
[PlyCount "128"]
[EventDate "2011.11.13"]
[EventType "team"]
[EventRounds "14"]
[EventCountry "ESP"]
[Source "lmi"]
[SourceDate "2011.11.13"]
[WhiteTeam "Moratalaz"]
[BlackTeam "Amigos del Retiro"]
[WhiteTeamCountry "ESP"]
[BlackTeamCountry "ESP"]

1. d4 d5 2. c4 c6 3. Nf3 Nf6 4. e3 e6 5. Nbd2 Nbd7 6. Bd3 Be7 7. O-O O-O 8. b3
b6 9. Bb2 Bb7 10. Ne5 dxc4 11. Bxc4 c5 12. f4 cxd4 13. exd4 Nd5 14. Qe2 Nxe5
15. fxe5 Bg5 16. Ne4 Ne3 17. Nxg5 Qxg5 18. Rf2 Ng4 19. Bc1 Qg6 20. Bd3 Nxf2 21.
Bxg6 fxg6 22. Ba3 Rf5 23. Rc1 Bd5 24. Rc7 a6 25. Qxa6 h5 26. Qb5 Kh7 27. Qd7
Rg8 28. Qe7 Ng4 29. Rc3 Rf4 30. h3 Nh6 31. Qg5 Rf5 32. Qd2 Ra8 33. Be7 Ra7 34.
Bg5 Raf7 35. Rc1 b5 36. a4 b4 37. a5 Bxb3 38. Bxh6 gxh6 39. Qxb4 Bd5 40. Qd2
Rg5 41. a6 Ra7 42. Ra1 Kg7 43. Kf1 Rf7+ 44. Kg1 Ra7 45. Ra3 h4 46. Ra5 Rxg2+
47. Qxg2 Bxg2 48. Kxg2 g5 49. Kf3 Kg6 50. Ke4 h5 51. d5 g4 52. dxe6 g3 53. Ra1
Kg7 54. Kf5 Ra8 55. a7 g2 56. Rg1 Rxa7 57. Rxg2+ Kf8 58. Rd2 Ra3 59. Rd8+ Ke7
60. Rd7+ Ke8 61. Rh7 Rf3+ 62. Kg5 Rxh3 63. Rxh5 Ke7 64. Rh6 Rh1 1/2-1/2

[Event "Liga Madrileña - DH 2011-2012"]
[Site "Madrid ESP"]
[Date "2011.11.13"]
[Round "1.33"]
[White "Fernandez Garcia, Miguel Angel"]
[Black "Sanchez-Alarcos Galian, Victor"]
[Result "0-1"]
[WhiteElo "2318"]
[BlackElo "2242"]
[PlyCount "86"]
[EventDate "2011.11.13"]
[EventType "team"]
[EventRounds "14"]
[EventCountry "ESP"]
[Source "lmi"]
[SourceDate "2011.11.13"]
[WhiteTeam "Amigos del Retiro"]
[BlackTeam "Moratalaz"]
[WhiteTeamCountry "ESP"]
[BlackTeamCountry "ESP"]

1. d4 d5 2. c4 c6 3. Nf3 Nf6 4. e3 a6 5. c5 Bg4 6. Nbd2 Nbd7 7. b4 e5 8. dxe5
Nxe5 9. Bb2 Nxf3+ 10. gxf3 Bf5 11. Nb3 Be7 12. Qd4 Qc7 13. a4 h5 14. Be2 Rh6
15. O-O-O Rg6 16. a5 O-O-O 17. Qe5 Qxe5 18. Bxe5 Nd7 19. Bb2 Bh4 20. Nd4 Bh3
21. Bd3 Rf6 22. Bf1 Bxf1 23. Rhxf1 Kc7 24. f4 Rg6 25. Nf5 Bf6 26. Rg1 Rxg1 27.
Rxg1 g6 28. Nd6 Rf8 29. f5 Be7 30. Nxf7 Rxf7 31. fxg6 Rf8 32. g7 Rg8 33. Rg6
Kd8 34. Rh6 Ke8 35. Rxh5 Bf6 36. Rf5 Kf7 37. f3 Rxg7 38. e4 dxe4 39. fxe4 Rg1+
40. Kc2 Rg2+ 41. Kc1 Rxb2 42. e5 Rxb4 43. exf6 Nxf6 0-1

[Event "Liga Madrileña - DH 2011-2012"]
[Site "Madrid ESP"]
[Date "2011.11.13"]
[Round "1.34"]
[White "Solaesa Navalpotro, Luis Julio"]
[Black "Perez Gonzalez, Jose Manuel"]
[Result "0-1"]
[WhiteElo "2270"]
[BlackElo "2304"]
[PlyCount "80"]
[EventDate "2011.11.13"]
[EventType "team"]
[EventRounds "14"]
[EventCountry "ESP"]
[Source "lmi"]
[SourceDate "2011.11.13"]
[WhiteTeam "Moratalaz"]
[BlackTeam "Amigos del Retiro"]
[WhiteTeamCountry "ESP"]
[BlackTeamCountry "ESP"]

1. d4 g6 2. Nf3 Nf6 3. g3 Bg7 4. Bg2 O-O 5. O-O d6 6. c4 Nbd7 7. Nc3 e5 8. e4
exd4 9. Nxd4 Re8 10. h3 a6 11. b3 Rb8 12. Be3 Qe7 13. a4 Ne5 14. Ra2 Bd7 15.
Rd2 c5 16. Nde2 Bxh3 17. Bxh3 Nf3+ 18. Kh1 Nxd2 19. Qxd2 Nxe4 20. Nxe4 Qxe4+
21. Bg2 Qf5 22. Nf4 Be5 23. Bh3 Qf6 24. Nd5 Qf3+ 25. Bg2 Qg4 26. f4 Bg7 27. Kh2
b5 28. axb5 axb5 29. cxb5 Qh5+ 30. Bh3 Bd4 31. Qxd4 cxd4 32. Nf6+ Kf8 33. Nxh5
Rxe3 34. Nf6 Rxb5 35. Nxh7+ Kg7 36. Ng5 Rbxb3 37. Rd1 Rb2+ 38. Bg2 Ree2 39. Rg1
d3 40. Kh3 Rxg2 0-1

[Event "Liga Madrileña - DH 2011-2012"]
[Site "Madrid ESP"]
[Date "2011.11.13"]
[Round "1.35"]
[White "Vallejo Diaz, Jesus"]
[Black "Ramirez Garcia, Jorge Alberto"]
[Result "1-0"]
[WhiteElo "2258"]
[BlackElo "2177"]
[PlyCount "120"]
[EventDate "2011.11.13"]
[EventType "team"]
[EventRounds "14"]
[EventCountry "ESP"]
[Source "lmi"]
[SourceDate "2011.11.13"]
[WhiteTeam "Amigos del Retiro"]
[BlackTeam "Moratalaz"]
[WhiteTeamCountry "ESP"]
[BlackTeamCountry "ESP"]

1. e4 e6 2. d4 d5 3. Nd2 c5 4. exd5 exd5 5. Bb5+ Nc6 6. Qe2+ Be7 7. dxc5 Nf6 8.
Ngf3 O-O 9. O-O Bxc5 10. Nb3 Bb6 11. Bg5 Bf5 12. Rad1 Re8 13. Qd2 h6 14. Bh4
Bg4 15. Qd3 Re4 16. Nbd2 Bxf3 17. Nxf3 Ne5 18. Qxe4 dxe4 19. Rxd8+ Rxd8 20.
Nxe5 Rd5 21. Nc4 Rxb5 22. Bxf6 gxf6 23. Rd1 Kg7 24. b3 Rf5 25. Rd2 Bc5 26. a4
a6 27. Re2 b5 28. axb5 axb5 29. Nd2 Rxf2 30. Rxf2 e3 31. Kf1 exf2 32. Ne4 Bd4
33. Nd6 Be5 34. Nxb5 Bxh2 35. Kxf2 Be5 36. Kf3 f5 37. Na3 Kf6 38. Nc4 Bc7 39.
Ke3 h5 40. b4 Ke6 41. Kd4 h4 42. b5 f4 43. Nd2 Bb6+ 44. Ke4 Be3 45. Nf3 f5+ 46.
Kd3 Bf2 47. c4 Kd6 48. Ng5 Bg1 49. Nf7+ Ke6 50. Ng5+ Kd6 51. Nf3 Bf2 52. Ke2
Bg3 53. Nd4 Kc5 54. Nxf5 f3+ 55. Kxf3 Bc7 56. Ne3 Kd4 57. Nd5 Bd6 58. Nb6 Bc7
59. Nd7 Kxc4 60. b6 Bd6 1-0

[Event "Liga Madrileña - DH 2011-2012"]
[Site "Madrid ESP"]
[Date "2011.11.13"]
[Round "1.36"]
[White "Mansilla Tolosa, Luis"]
[Black "Paredes Sanchez, Juan"]
[Result "0-1"]
[WhiteElo "2070"]
[BlackElo "2206"]
[PlyCount "60"]
[EventDate "2011.11.13"]
[EventType "team"]
[EventRounds "14"]
[EventCountry "ESP"]
[Source "lmi"]
[SourceDate "2011.11.13"]
[WhiteTeam "Moratalaz"]
[BlackTeam "Amigos del Retiro"]
[WhiteTeamCountry "ESP"]
[BlackTeamCountry "ESP"]

1. d4 Nf6 2. c4 g6 3. Nc3 Bg7 4. e4 d6 5. f4 c5 6. d5 O-O 7. Nf3 e6 8. dxe6
fxe6 9. Bd3 Nc6 10. O-O Nd4 11. Ng5 e5 12. f5 gxf5 13. exf5 b5 14. Nxb5 Nxb5
15. cxb5 d5 16. Ne6 Bxe6 17. fxe6 e4 18. Be2 Qe7 19. Bg5 Qxe6 20. Bxf6 Bxf6 21.
Bg4 Qd6 22. Bf5 Bxb2 23. Qh5 Rxf5 24. Qxf5 Bd4+ 25. Kh1 Bxa1 26. Qf7+ Kh8 27.
Rxa1 Rf8 28. Qxa7 e3 29. b6 e2 30. Qa6 Qf6 0-1

[Event "Liga Madrileña - DH 2011-2012"]
[Site "Madrid ESP"]
[Date "2011.11.13"]
[Round "1.41"]
[White "Anton Guijarro, David"]
[Black "Alcazar Jimenez, Victor Manuel"]
[Result "1/2-1/2"]
[WhiteElo "2469"]
[BlackElo "2379"]
[PlyCount "70"]
[EventDate "2011.11.13"]
[EventType "team"]
[EventRounds "14"]
[EventCountry "ESP"]
[Source "lmi"]
[SourceDate "2011.11.13"]
[WhiteTeam "Virgen de Atocha"]
[BlackTeam "Blanco y Negro"]
[WhiteTeamCountry "ESP"]
[BlackTeamCountry "ESP"]

1. e4 c5 2. Nf3 e6 3. d4 cxd4 4. Nxd4 Nf6 5. Nc3 Nc6 6. g3 Bb4 7. Bg2 d5 8.
exd5 Nxd5 9. Nxc6 bxc6 10. O-O O-O 11. Qg4 Qa5 12. Nb1 Nf6 13. Qh4 Ba6 14. c3
Be7 15. Re1 Qb6 16. Nd2 Rad8 17. Ne4 Nxe4 18. Qxe4 Bc5 19. Be3 Bxe3 20. Qxe3 c5
21. b4 Rc8 22. a4 Bc4 23. h4 h6 24. Reb1 Rfd8 25. Rd1 Bd5 26. a5 Qb7 27. Bf1
cxb4 28. cxb4 Qxb4 29. Qxa7 Qe4 30. Rxd5 exd5 31. a6 d4 32. Qb7 Qxb7 33. axb7
Rb8 34. Bg2 Kf8 35. Kf1 Ke7 1/2-1/2

[Event "Liga Madrileña - DH 2011-2012"]
[Site "Madrid ESP"]
[Date "2011.11.13"]
[Round "1.42"]
[White "Alarcia Astiz, Carlos"]
[Black "Almagro Llamas, Pablo"]
[Result "1/2-1/2"]
[WhiteElo "2313"]
[BlackElo "2461"]
[PlyCount "56"]
[EventDate "2011.11.13"]
[EventType "team"]
[EventRounds "14"]
[EventCountry "ESP"]
[Source "lmi"]
[SourceDate "2011.11.13"]
[WhiteTeam "Blanco y Negro"]
[BlackTeam "Virgen de Atocha"]
[WhiteTeamCountry "ESP"]
[BlackTeamCountry "ESP"]

1. e4 c6 2. d4 d5 3. Nd2 dxe4 4. Nxe4 Bf5 5. Ng3 Bg6 6. h4 h6 7. Nf3 Nf6 8. h5
Bh7 9. Bd3 Bxd3 10. Qxd3 e6 11. Bd2 Nbd7 12. O-O-O Be7 13. Kb1 O-O 14. Ne4 Nxe4
15. Qxe4 Nf6 16. Qe2 Qd5 17. Ne5 Qe4 18. Qxe4 Nxe4 19. Be1 Rfd8 20. f3 Nf6 21.
g4 Rac8 22. Bf2 Nd5 23. c4 Nf4 24. Rhe1 Bg5 25. Kc2 Ng2 26. Re2 Nf4 27. Ree1
Ng2 28. Re2 Nf4 1/2-1/2